00783 2200289 4500001002100000005001500021035002000036007000300056040001200059100002300071245005200094250000900146300003400155020002200189082001200211084001800223090002500241264003000266336002100296337003000317338002300347850001000370008004100380990002400421990002400445990002400469INLIS00000000000966020260415091555 a0010-1222000265ta aSBPUPAD aMulyotoePengarang1 aHari Gini Gak Punya Majalah Sekolah? /cMulyoto aEd.1 a116 hlm. :bilus. ;c12x19 cm a978-979-29-0028-6 a070.175 a070.175 MUL h a607.6 DWI g L 16 R 7 aYogyakarta :bAndi,c2007 2rdacontentaTeks 2rdamediaatanpa perantara 2rdacarrieravolume aPUPAD260415 0  a22.134/Br/KAPD/2015 a22.132/Br/KAPD/2015 a228133/Br/KAPD/2015